| 000 | 00449nam a2200193Ia 4500 | ||
|---|---|---|---|
| 005 | 20250603145747.0 | ||
| 008 | 250603s9999 xx 000 0 und d | ||
| 020 | _a1403911049 | ||
| 050 | _aHB 31 .H6633/ | ||
| 100 | _aHooda, R. P. | ||
| 245 | 0 | _aStatics for business and economics | |
| 250 | _a3rd ed. | ||
| 260 | _aChennai | ||
| 260 | _bMacmillan Business Books | ||
| 260 | _c1994 | ||
| 300 | _a855 p | ||
| 650 | _aChennai | ||
| 942 | _cBK | ||
| 999 |
_c42775 _d42775 |
||